[Event "Martorell op 23rd"]
[Site "Martorell"]
[Date "2015.11.14"]
[Round "8"]
[White "Lacasta Palacio, Joaquim"]
[Black "Ruiz Font, Elisabet"]
[Result "1-0"]
[WhiteElo "2208"]
[BlackElo "2285"]
[PlyCount "99"]
[EventDate "2015.09.19"]
[EventType "swiss"]
[EventRounds "8"]
[EventCountry "ESP"]
[SourceTitle "EXT 2017"]
[Source "ChessBase"]
[SourceDate "2016.10.25"]
[SourceVersion "1"]
[SourceVersionDate "2016.10.25"]
[SourceQuality "1"]

1. g3 e5 2. c4 Nc6 3. Bg2 g6 4. Nc3 Bg7 5. e3 Nge7 6. Nge2 0-0 7. 0-0 d6 8. d3 f5 9. Rb1 a5 10. a3 Be6 11. Nd5 Qd7 12. b4 axb4 13. axb4 Nd8 14. Nxe7+ Qxe7 15. Qc2 c6 16. b5 d5 17. bxc6 bxc6 18. cxd5 Bxd5 19. e4 Be6 20. exf5 Bxf5 21. Be3 Qd7 22. Nc1 Rc8 23. Bc5 Re8 24. Be4 Bh3 25. Re1 Ne6 26. Nb3 Ng5 27. Qe2 Bf8 28. Be3 Nxe4 29. dxe4 c5 30. Nd2 Qc6 31. Rbc1 Be6 32. f3 c4 33. Nb1 Bb4 34. Nc3 Red8 35. Red1 Rd3 36. Bd2 Rcd8 37. Be1 Qb6+ 38. Kg2 Qa5 39. Nd5 Bxd5 40. exd5 R8xd5 41. Bxb4 Qxb4 42. Rxd3 cxd3 43. Qa2 Qd4 44. Rc4 Qe3 45. Rc8+ Kg7 46. Qxd5 Qe2+ 47. Kh3 d2 48. Rd8 Qf1+ 49. Kg4 e4 50. Rd7+ 1-0

[Event "Martorell op 23rd"]
[Site "Martorell"]
[Date "2015.10.17"]
[Round "4"]
[White "Ruiz Font, Elisabet"]
[Black "Gomez Jurado, Luis Alberto"]
[Result "0-1"]
[WhiteElo "2285"]
[BlackElo "2403"]
[PlyCount "76"]
[EventDate "2015.09.19"]
[EventType "swiss"]
[EventRounds "8"]
[EventCountry "ESP"]
[SourceTitle "EXT 2017"]
[Source "ChessBase"]
[SourceDate "2016.10.25"]
[SourceVersion "1"]
[SourceVersionDate "2016.10.25"]
[SourceQuality "1"]

1. e4 e5 2. Nf3 Nc6 3. Bb5 Nf6 4. Qe2 d6 5. c3 Be7 6. 0-0 Bd7 7. Rd1 0-0 8. d4 Qe8 9. h3 Bd8 10. Nbd2 Ne7 11. Bxd7 Nxd7 12. dxe5 dxe5 13. Qb5 Rb8 14. Nc4 Nc6 15. b3 Be7 16. Ne3 Nc5 17. Nd5 Nxe4 18. Qe2 f5 19. Qc4 Kh8 20. Nxc7 Qh5 21. Ne6 Rfc8 22. Qd3 Qg6 23. Qd7 Nc5 24. Nxc5 Rd8 25. Ba3 Rxd7 26. Rxd7 Qe8 27. Rad1 e4 28. Ne1 b6 29. Na6 Bxa3 30. Nxb8 Qxb8 31. b4 h5 32. b5 Qc8 33. bxc6 Qxc6 34. Nc2 Bc5 35. Rxa7 f4 36. Rdd7 e3 37. Kh1 Qg6 38. Nd4 Bxd4 0-1

[Event "ESP-ch 79th"]
[Site "Linares"]
[Date "2014.08.30"]
[Round "6"]
[White "Suarez Uriel, Adrian"]
[Black "Ruiz Font, Elisabet"]
[Result "1/2-1/2"]
[WhiteElo "2292"]
[BlackElo "2063"]
[PlyCount "125"]
[EventDate "2014.08.25"]
[EventType "swiss"]
[EventRounds "9"]
[EventCountry "ESP"]
[SourceTitle "CBM 162 Extra"]
[Source "ChessBase"]
[SourceDate "2014.10.17"]
[SourceVersion "1"]
[SourceVersionDate "2014.10.17"]
[SourceQuality "1"]

1. e4 e5 2. Nf3 Nc6 3. Bb5 Nge7 4. 0-0 g6 5. c3 Bg7 6. d4 exd4 7. cxd4 d5 8. exd5 Nxd5 9. Re1+ Be6 10. Bg5 Qd6 11. Nbd2 0-0 12. Nc4 Qb4 13. Bxc6 bxc6 14. b3 Rfe8 15. Rc1 Bf5 16. Nce5 Qa3 17. Bd2 f6 18. Nxc6 Qxa2 19. Rc5 Be6 20. Ra5 Qb2 21. h3 Nb6 22. Re3 Nd5 23. Re2 Nc3 24. Bxc3 Qxc3 25. d5 Bf5 26. Nfd4 Rxe2 27. Nxe2 Qd3 28. Qxd3 Bxd3 29. Nf4 Bc2 30. Ne6 Bf8 31. Ncd4 Be4 32. f3 Bd3 33. Nxc7 Rc8 34. Nde6 Bd6 35. Rxa7 Bf5 36. Rb7 h5 37. g4 hxg4 38. hxg4 Bc2 39. b4 Bb3 40. b5 g5 41. Kg2 Bxc7 42. Rxc7 Rb8 43. Rc5 Kf7 44. Nd4 Ba4 45. Rc4 Bxb5 46. Rc7+ Ke8 47. Rh7 Rb6 48. Rc7 Bd3 49. Kf2 Kd8 50. Rc5 Kd7 51. Ke3 Bg6 52. Rc6 Rxc6 53. dxc6+ Kd6 54. f4 gxf4+ 55. Kxf4 Bh7 56. Ke3 Bg6 57. Kf4 Bh7 58. Kf3 Bg6 59. Ke3 Bh7 60. Kf2 Be4 61. Ke3 Bxc6 62. Nxc6 Kxc6 63. Ke4 1/2-1/2

[Event "Sitges op 39th"]
[Site "Sitges"]
[Date "2013.07.22"]
[Round "1"]
[White "Hayrapetyan, Hovik"]
[Black "Ruiz Font, Elisabet"]
[Result "1-0"]
[WhiteElo "2486"]
[BlackElo "2055"]
[PlyCount "67"]
[EventDate "2013.07.22"]
[EventType "swiss"]
[EventRounds "9"]
[EventCountry "ESP"]
[SourceTitle "CBM 155 Extra"]
[Source "ChessBase"]
[SourceDate "2013.08.26"]
[SourceVersion "1"]
[SourceVersionDate "2013.08.26"]
[SourceQuality "1"]

1. d4 Nf6 2. c4 g6 3. Nc3 Bg7 4. Nf3 d6 5. g3 0-0 6. Bg2 Nbd7 7. 0-0 e5 8. e4 a6 9. Re1 exd4 10. Nxd4 Ng4 11. Nc2 Nb6 12. Qe2 Ne5 13. Ne3 Be6 14. Ncd5 c6 15. Nxb6 Qxb6 16. Rb1 Qd4 17. Rd1 Bxc4 18. Nxc4 Qxc4 19. Qxc4 Nxc4 20. b3 Nb6 21. Rxd6 Rad8 22. Bf4 Nc8 23. Rdd1 Rd4 24. Be3 Rdd8 25. f4 Bf6 26. Bh3 Rfe8 27. e5 Bg7 28. Bd7 Re7 29. Bxc6 Rxd1+ 30. Rxd1 Bf8 31. Rd8 Rc7 32. Bxb7 Rxb7 33. Rxc8 Kg7 34. Ra8 1-0

[Event "Catalunya-ch (Women) 71st"]
[Site "Tarragona"]
[Date "2013.04.01"]
[Round "5"]
[White "Riera Morilla, Elizabeth"]
[Black "Ruiz Font, Elisabet"]
[Result "0-1"]
[WhiteElo "1976"]
[BlackElo "2062"]
[PlyCount "144"]
[EventDate "2013.03.29"]
[EventType "swiss"]
[EventRounds "5"]
[EventCountry "ESP"]
[SourceTitle "EXT 2015"]
[Source "ChessBase"]
[SourceDate "2014.11.20"]
[SourceVersion "1"]
[SourceVersionDate "2014.11.20"]
[SourceQuality "1"]

1. e4 c5 2. Nf3 g6 3. d4 cxd4 4. Qxd4 Nf6 5. e5 Nc6 6. Qa4 Nd5 7. Qe4 Nc7 8. Nc3 Bg7 9. Bf4 Ne6 10. Bc4 Nxf4 11. Qxf4 0-0 12. 0-0-0 Na5 13. h4 Nxc4 14. Qxc4 b5 15. Qxb5 a6 16. Qb3 d6 17. exd6 exd6 18. Nd4 Re8 19. Qd5 Bg4 20. f3 Re5 21. Qc4 Bd7 22. Nb3 Bb5 23. Qf4 Qf8 24. Kb1 Rc8 25. g4 Bc4 26. h5 Qe7 27. hxg6 hxg6 28. Qd2 d5 29. f4 Re3 30. Nxd5 Bxd5 31. Qxd5 Qf6 32. Qd4 Qc6 33. Qd2 Qf6 34. c3 Qxf4 35. Qd7 Qe4+ 36. Ka1 Rexc3 37. Rhe1 Qc6 38. Qxc6 R3xc6 39. Kb1 Rc4 40. g5 Rb4 41. Rd3 a5 42. a3 Rg4 43. Nxa5 Rxg5 44. b4 Rg2 45. Rb3 g5 46. Rc1 Re8 47. Nc4 Ree2 48. a4 Ra2 49. Ra3 Rxa3 50. Nxa3 Rb2+ 51. Ka1 Rxb4+ 52. Ka2 Rxa4 53. Kb3 Ra8 54. Nc4 Ra1 55. Rc2 Kh7 56. Nd6 Rf1 57. Ne4 Kg6 58. Rg2 Bh6 59. Kc4 f5 60. Nd2 Rc1+ 61. Kd3 g4 62. Nf3 Kf6 63. Ng1 Ra1 64. Ne2 Ra3+ 65. Kd4 Be3+ 66. Kd5 Kg5 67. Ng3 Bf4 68. Ne2 g3 69. Nd4 Kg4 70. Ke6 Re3+ 71. Kd5 Re5+ 72. Kc4 Re1 0-1

[Event "Catalunya-ch (Women) 71st"]
[Site "Tarragona"]
[Date "2013.03.29"]
[Round "2"]
[White "Ruiz Font, Elisabet"]
[Black "Montoliu Daroca, Imma"]
[Result "1-0"]
[WhiteElo "2062"]
[BlackElo "1799"]
[PlyCount "113"]
[EventDate "2013.03.29"]
[EventType "swiss"]
[EventRounds "5"]
[EventCountry "ESP"]
[SourceTitle "EXT 2015"]
[Source "ChessBase"]
[SourceDate "2014.11.20"]
[SourceVersion "1"]
[SourceVersionDate "2014.11.20"]
[SourceQuality "1"]

1. e4 c5 2. Nf3 d6 3. d4 cxd4 4. Qxd4 Bg4 5. Bb5+ Nd7 6. Nbd2 e5 7. Qd3 Ngf6 8. h3 Bh5 9. 0-0 Be7 10. Nc4 Qc7 11. Bg5 0-0-0 12. Bxd7+ Rxd7 13. Bxf6 Bxf6 14. Nfd2 Bg6 15. Ne3 d5 16. Qa3 dxe4 17. Nb3 Kb8 18. c4 Be7 19. Qa4 Rc8 20. Rfd1 Rd3 21. Nd5 Qd8 22. Na5 Bc5 23. b4 Bf8 24. Qb5 b6 25. Nc6+ Rxc6 26. Qxc6 f6 27. a4 Be8 28. Qe6 Bd7 29. Qf7 Bf5 30. a5 Rxd1+ 31. Rxd1 Bxb4 32. axb6 axb6 33. Ra1 Ba5 34. c5 Qd7 35. Qxd7 Bxd7 36. cxb6 Bd2 37. Rd1 Ba5 38. Nxf6 Bxh3 39. gxh3 gxf6 40. Rd6 f5 41. Re6 Bc3 42. Re7 h6 43. Kf1 f4 44. Ke2 Bd4 45. Re6 h5 46. Rh6 f3+ 47. Kf1 e3 48. fxe3 Bxe3 49. Rxh5 e4 50. Re5 Bxb6 51. Rxe4 Kc8 52. h4 Ba5 53. Kf2 Kd7 54. Kxf3 Bc3 55. h5 Kd6 56. h6 Kd7 57. Kg4 1-0

[Event "ESP-ch (Women)"]
[Site "Salobrena"]
[Date "2012.07.31"]
[Round "2"]
[White "Ruiz Font, Elisabet"]
[Black "Vega Gutierrez, Belinda Vidina"]
[Result "1/2-1/2"]
[WhiteElo "2039"]
[BlackElo "2205"]
[PlyCount "103"]
[EventDate "2012.07.30"]
[EventType "swiss"]
[EventRounds "7"]
[EventCountry "ESP"]
[SourceTitle "CBM 149 Extra"]
[Source "ChessBase"]
[SourceDate "2012.08.24"]
[SourceVersion "1"]
[SourceVersionDate "2012.08.24"]
[SourceQuality "1"]

1. e4 e5 2. Bc4 Nf6 3. d3 c6 4. Nf3 d6 5. 0-0 Be7 6. Re1 0-0 7. Nbd2 Nbd7 8. a4 b6 9. Nf1 h6 10. Ng3 Re8 11. Nf5 Bf8 12. N3h4 d5 13. Ba2 Nc5 14. b4 Nxa4 15. Bd2 b5 16. Bb3 Nb6 17. Nf3 Bxf5 18. exf5 Bd6 19. Ra5 Qc7 20. h3 Nbd7 21. Qa1 e4 22. Nd4 Ne5 23. dxe4 Nxe4 24. Qc1 Nxd2 25. Qxd2 Qe7 26. c3 Qd7 27. Ra6 Rac8 28. Rea1 Bb8 29. f4 Nc4 30. Bxc4 dxc4 31. Qf2 Re4 32. g3 Qe8 33. f6 gxf6 34. Qf3 Re1+ 35. Kh2 f5 36. Nxf5 Qe2+ 37. Qxe2 Rxe2+ 38. Kg1 Kh7 39. R6a2 Rce8 40. Kf1 Rxa2 41. Rxa2 h5 42. Re2 Rxe2 43. Kxe2 Bc7 44. Nd4 a5 45. bxa5 Bxa5 46. Kd2 b4 47. Nxc6 bxc3+ 48. Kc2 Bc7 49. Kxc3 h4 50. gxh4 Bxf4 51. Kxc4 Kg6 52. Kd4 1/2-1/2

[Event "Catalunya-ch"]
[Site "Barcelona"]
[Date "2012.05.13"]
[Round "1.2"]
[White "Ruiz Font, Elisabet"]
[Black "Narciso Dublan, Marc"]
[Result "0-1"]
[WhiteElo "2041"]
[BlackElo "2541"]
[PlyCount "56"]
[EventDate "2012.05.12"]
[EventType "k.o."]
[EventRounds "4"]
[EventCountry "ESP"]
[SourceTitle "CBM 148 Extra"]
[Source "ChessBase"]
[SourceDate "2012.06.22"]
[SourceVersion "1"]
[SourceVersionDate "2012.06.22"]
[SourceQuality "1"]

1. e4 Nc6 2. Nc3 e6 3. Nf3 Bb4 4. d4 d6 5. Bd3 Nge7 6. 0-0 Bxc3 7. bxc3 e5 8. h3 0-0 9. a4 b6 10. Qe2 Ng6 11. Bb5 Bb7 12. Bg5 Qc8 13. Rfd1 h6 14. Be3 a6 15. Bxc6 Bxc6 16. d5 Bd7 17. a5 b5 18. c4 bxc4 19. Qxc4 Bb5 20. Qa2 Be2 21. Nd2 Bxd1 22. Rxd1 f5 23. f3 fxe4 24. Nxe4 Nh4 25. Rf1 Rxf3 26. Rxf3 Nxf3+ 27. gxf3 Qxh3 28. Nd2 e4 0-1

[Event "ESP-ch (Women)"]
[Site "Padron"]
[Date "2011.08.04"]
[Round "5"]
[White "Ruiz Font, Elisabet"]
[Black "Gonzalez Etayo, Oihana"]
[Result "1-0"]
[WhiteElo "1949"]
[BlackElo "1803"]
[PlyCount "63"]
[EventDate "2011.08.01"]
[EventType "swiss"]
[EventRounds "7"]
[EventCountry "ESP"]
[SourceTitle "CBM 143 Extra"]
[Source "ChessBase"]
[SourceDate "2011.08.29"]
[SourceVersion "1"]
[SourceVersionDate "2011.08.29"]
[SourceQuality "1"]

1. e4 c5 2. Nf3 e6 3. d4 cxd4 4. Nxd4 a6 5. c4 Nf6 6. Nc3 Qc7 7. a3 b6 8. Be3 Bb7 9. f3 d6 10. Be2 Be7 11. 0-0 Nbd7 12. Rc1 Rc8 13. b4 Qb8 14. Qd2 0-0 15. Rc2 Bd8 16. Kh1 Bc7 17. Bg1 Rfe8 18. Rb1 Qa8 19. Na4 Bb8 20. Nb3 b5 21. cxb5 Rxc2 22. Qxc2 Rc8 23. Qd2 d5 24. bxa6 Bxa6 25. b5 Bb7 26. Qa5 dxe4 27. Qxa8 Bxa8 28. b6 Rc2 29. Nd4 Rd2 30. b7 Bxb7 31. Rxb7 Rxd4 32. Bxd4 1-0

[Event "ESP-ch (Women)"]
[Site "Padron"]
[Date "2011.08.03"]
[Round "4"]
[White "Collado Barbas, Laura"]
[Black "Ruiz Font, Elisabet"]
[Result "1-0"]
[WhiteElo "2050"]
[BlackElo "1949"]
[PlyCount "81"]
[EventDate "2011.08.01"]
[EventType "swiss"]
[EventRounds "7"]
[EventCountry "ESP"]
[SourceTitle "CBM 143 Extra"]
[Source "ChessBase"]
[SourceDate "2011.08.29"]
[SourceVersion "1"]
[SourceVersionDate "2011.08.29"]
[SourceQuality "1"]

1. Nf3 f5 2. d3 Nf6 3. e4 d6 4. Nc3 e5 5. exf5 Bxf5 6. d4 e4 7. Nh4 Qd7 8. Be2 d5 9. Bg5 Bb4 10. Bxf6 gxf6 11. Bh5+ Ke7 12. Qd2 Nc6 13. 0-0-0 Rag8 14. f3 Bxc3 15. Qxc3 Bg6 16. Bg4 f5 17. Bh3 Qd6 18. g3 Rf8 19. Rhf1 Kd8 20. fxe4 fxe4 21. Qe3 Qe7 22. Ng2 Rxf1 23. Rxf1 Rf8 24. Nf4 Bf7 25. Qb3 Qb4 26. Qxb4 Nxb4 27. Ne6+ Bxe6 28. Rxf8+ Ke7 29. Rh8 Bxh3 30. Rxh7+ Kf6 31. Rxh3 Nxa2+ 32. Kd2 Nb4 33. Rh7 Nc6 34. c3 Ne7 35. g4 b6 36. g5+ Ke6 37. h4 c5 38. h5 cxd4 39. cxd4 a5 40. h6 Ng6 41. Rg7 1-0

[Event "Catalunya-ch (Women) 69th"]
[Site "Barcelona"]
[Date "2011.??.??"]
[Round "3"]
[White "Ruiz Font, Elisabet"]
[Black "Martin Perez, Laura"]
[Result "1-0"]
[WhiteElo "1971"]
[BlackElo "1948"]
[PlyCount "91"]
[EventDate "2011.12.03"]
[EventType "swiss"]
[EventRounds "6"]
[EventCountry "ESP"]
[SourceTitle "CBM 145 Extra"]
[Source "ChessBase"]
[SourceDate "2012.01.03"]
[SourceVersion "1"]
[SourceVersionDate "2012.01.03"]
[SourceQuality "1"]

1. e4 c5 2. Nf3 e6 3. d4 cxd4 4. Nxd4 a6 5. c4 Qc7 6. Nc3 Nf6 7. a3 d6 8. Be2 Be7 9. Be3 b6 10. 0-0 Bb7 11. f3 Nbd7 12. Rc1 Rc8 13. b4 0-0 14. Qd2 Qb8 15. Kh1 Rfe8 16. Nb3 Bd8 17. Bg1 Bc7 18. Rc2 h5 19. Rb1 Qa8 20. c5 bxc5 21. bxc5 dxc5 22. Na4 Red8 23. Qe3 Bd6 24. Nbxc5 Nxc5 25. Nxc5 Bxc5 26. Rxc5 Rxc5 27. Qxc5 Nxe4 28. Qb4 Rd2 29. Qxb7 Qxb7 30. Rxb7 Rxe2 31. fxe4 Rxe4 32. h3 g5 33. Ra7 Ra4 34. Bc5 Rc4 35. Be7 g4 36. hxg4 hxg4 37. Kh2 Rc6 38. Kg3 f5 39. Bf6 Rb6 40. Kf4 Kf8 41. g3 Ke8 42. Be5 Rc6 43. Kg5 Kd8 44. Kf6 Ke8 45. Re7+ Kd8 46. Rxe6 1-0